Name the Star Wars Episodes - Statistics

General Stats
  • This quiz has been taken 96,148 times
    71,957 since last reset
  • The average score is 8 of 9
Answer Stats
Year Episode Subtitle % Correct
1977 4 A New Hope
93%
1980 5 The Empire Strikes Back
92%
1983 6 Return of the Jedi
91%
2005 3 Revenge of the Sith
86%
1999 1 The Phantom Menace
85%
2017 8 The Last Jedi
83%
2002 2 Attack of the Clones
80%
2015 7 The Force Awakens
78%
2019 9 The Rise of Skywalker
74%
No matching quizzes found
Score Distribution
Percent of People with Each Score
Percentile by Number Answered
Your Score History
You have not taken this quiz since the last reset